| 000 | 00000nam##2200000za#4500 |
| 001 | 9.695939 |
| 003 | CaOODSP |
| 005 | 20210624234815 |
| 007 | cr ||||||||||| |
| 008 | 150407|2002||||xxc|||||o f|0| 0 eng|d |
| 040 | |aCaOODSP|beng |
| 043 | |an-cn--- |
| 086 | 1 |aFA3-35/2002E-PDF |
| 110 | 1 |aCanada. |bOffice of the Auditor General. |
| 245 | 10|aReport to the Minister of Public Works and Government Services on three contracts awarded to Groupaction |h[electronic resource] |
| 260 | |aOttawa - Ontario : |bOffice of the Auditor General of Canada |cc2002. |
| 300 | |a22p.|btable |
| 500 | |aThe catalogue number (FA3-35/2002) and ISBN (0-662-66598-8) for the bilingual print edition have been incorrectly copied in this electronic publication. |
| 590 | |a12-14-Supp|b2012-04-10 |
| 690 | 07|aAccountability|2gcpds |
| 690 | 07|aFederal contracts|2gcpds |
| 775 | 08|tRapport au ministre des Travaux publics et des Services gouvernementaux sur trois contrats attribués à Groupaction |w(CaOODSP)9.640059 |
| 776 | 0#|tReport to the Minister of Public Works and Government Services on three contracts awarded to Groupaction |w(CaOODSP)9.663775 |
| 776 | 0#|tRapport au ministre des Travaux publics et des Services gouvernementaux sur trois contrats attribués à Groupaction |w(CaOODSP)9.663776 |
| 856 | 40|ahttp://publications.gc.ca|qPDF|s251 KB|uhttps://publications.gc.ca/collections/Collection/FA3-35-2002E.pdf |